000
00279nam a2200133Ia 4500
100
_a
Grant/H.E
942
_c
BK
654
_a
jigs
245
_a
Jigs and Fixtures
260
_b
Tata McGraw Hill
_a
New Delhi
_c
1985
082
_a
621.992
_b
GRA
300
_a
160
546
_a
ENGLISH
999
_c
35247
_d
35247